Structural economic dynamics : a theory of the economic consequences of human learning

Αποθηκεύτηκε σε:
Λεπτομέρειες βιβλιογραφικής εγγραφής
Κύριος συγγραφέας: Pasinetti, Luigi L.
Μορφή: Βιβλίο
Γλώσσα:English
Δημοσίευση: Cambridge : Cambridge University Press, 1993
Θέματα:
Ετικέτες: Προσθήκη ετικέτας
Δεν υπάρχουν, Καταχωρήστε ετικέτα πρώτοι!

MARC

LEADER 00000nam a2200000 i 4500
001 1/38749
008 960119s1993 eng d
020 |a 0-521-43282-0 
035 |l 10024920 
040 |a GR-MY-UA  |b gre  |e aacr 
041 0 |a eng 
082 0 |a 338.064 
100 1 |a Pasinetti, Luigi L. 
245 1 0 |a Structural economic dynamics :  |b a theory of the economic consequences of human learning /  |c Luigi L. Pasinetti 
260 |a Cambridge :   |b Cambridge University Press,   |c 1993 
300 |a 186 p. 
500 |a Includes index 
650 0 0 |a Technological innovations  |x Economic aspects. 
650 0 0 |a Diffusion of innovations. 
650 0 0 |a Production (Economic theory) 
650 0 0 |a Economic development. 
650 0 0 |a Labor productivity. 
852 |a INST  |b CHIOS  |e 19960124  |h 338.064 PAS  |p 005200001772  |q 005200001772  |t BK  |y 0 
852 |a INST  |b CHIOS  |e 19960119  |h 338.064 PAS  |p 005200003687  |q 005200003687  |t BK  |y 0 
909 |a Χ  |b 037612 
909 |a Χ  |b 040259